Welcome to CU Library Online Public Access Catalogue (OPAC)

AN INTRODUCTION TO REVELATION (Record no. 7082)

MARC details
000 -LEADER
fixed length control field 00366nam a22001457a 4500
005 - DATE AND TIME OF LATEST TRANSACTION
control field 20250721181743.0
008 - FIXED-LENGTH DATA ELEMENTS--GENERAL INFORMATION
fixed length control field 250721b |||||||| |||| 00| 0 eng d
020 ## - INTERNATIONAL STANDARD BOOK NUMBER
International Standard Book Number 9780826450029
050 ## - LIBRARY OF CONGRESS CALL NUMBER
Classification number BS2825
Item number .3 DES
100 ## - MAIN ENTRY--PERSONAL NAME
Personal name DESROSIERS GILBERT
245 ## - TITLE STATEMENT
Title AN INTRODUCTION TO REVELATION
260 ## - PUBLICATION, DISTRIBUTION, ETC.
Place of publication, distribution, etc. LONDON
Name of publisher, distributor, etc. CONTINUUM
Date of publication, distribution, etc. c2000
300 ## - PHYSICAL DESCRIPTION
Extent 129p
942 ## - ADDED ENTRY ELEMENTS (KOHA)
Source of classification or shelving scheme Library of Congress Classification
Koha item type Books
Suppress in OPAC No
999 ## -
-- 7082
-- 7082
Holdings
Withdrawn status Lost status Source of classification or shelving scheme Damaged status Not for loan Collection Home library Current library Shelving location Date acquired Total checkouts Full call number Barcode Date last seen Copy number Price effective from Koha item type
    Library of Congress Classification     Non-fiction Undergraduate Library (Christ Temple) Undergraduate Library (Christ Temple) General stacks 07/21/2025   BS2825.3 DES ulct00003999 07/21/2025 1 07/21/2025 Books
    Library of Congress Classification     Non-fiction Undergraduate Library (Christ Temple) Undergraduate Library (Christ Temple) General stacks 07/21/2025   BS2825.3 DES ulct00004000 07/21/2025 2 07/21/2025 Books
    Library of Congress Classification     Non-fiction Undergraduate Library (Christ Temple) Undergraduate Library (Christ Temple) General stacks 07/22/2025   BS 2825.3 DES ulct00004017 07/22/2025 1 07/22/2025 Books
© 2023-2024 Copyright: Central University Libraries. All Rights Reserved | Created by: Mahone Tech Office